Conocer el conflicto para construir el posconflicto

Bibliographic Details
Main Author: Bernal Vargas, Liliana
Format: eBook
Language:Spanish
Published: Bogot:̀ Universidad Cooperativa de Colombia, 2021
Subjects:
Online Access:Acceso restringido

MARC

LEADER 00000nam a22000007a 4500
005 20220706215116.0
007 cr|||| ||||
008 220706s2021 co |||||s|||| 00||0 spa d
020 |a 9789587602975 
035 |a 36656 
040 |a vLex 
090 |c 13528  |d 13528 
100 1 |a Bernal Vargas, Liliana 
245 1 0 |a Conocer el conflicto para construir el posconflicto  |h [Recurso electrn̤ico] /  |c Liliana Bernal Vargas 
256 |a Servicio en ln̕ea 
260 |a Bogot:̀  |b Universidad Cooperativa de Colombia,  |c 2021 
300 |a 1 recurso electrn̤ico 
500 |a De acuerdo con el Centro Nacional de Memoria Histr̤ica (cnmh), el departamento del Meta es uno de los ms̀ golpeados por la violencia en Colombia, por esta razn̤ es un lugar propicio para el estudio del conflicto armado colombiano. La investigacin̤ que presenta este libro hace una aproximacin̤ multidisciplinar al conflicto armado colombiano, a la vez que presenta una estrategia de generacin̤ de valor social y econm̤ico. Se apoya en la propuesta de un nuevo paradigma que intenta comprender a quienes han crecido en medio del conflicto armado desde el individuo mismo, que se construye al integrar las bases ter̤icas de la biopolt̕ica, la resiliencia y la responsabilidad social como elementos necesarios para enfrentar los desafo̕s de incorporar en el individuo una cultura de respeto, en la que no sea necesario recurrir a la violencia para sobrevivir. En consecuencia, y ante una historia de violencia que ha penetrado ms̀ de tres generaciones, perpetuado el conflicto social y armado e impactado de manera directa e indirecta a la poblacin̤; se presenta la oportunidad de contribuir con la comprensin̤ de lo que ha sido el conflicto armado colombiano desde la perspectiva de sus actores y abrir el camino para que la poblacin̤ pueda alcanzar la anhelada paz. 
506 1 |a Disponible solo en los productos indicados  |d vLex Global  |d vLex Global (Academic Edition, excluding Law Schools)  |d vLex Global (U.S. Academic Edition, Law Schools)  |d vLex Global (U.S. Academic Edition, excluding Law Schools)  |d vLex Global (Academic Edition, Law Schools) 
650 0 4 |a Derecho Comunitario  |z Colombia 
740 0 |a vLex Libros (Servicio en ln̕ea) 
856 4 0 |u https://app.vlex.com/#/sources/36656  |z Acceso restringido 
942 |c BOOK 
999 0 |a Community Law